Statistics for MEGA airport code

Click here to take the quiz!

General Stats

  • This quiz has been taken 11 times
  • The average score is 10 of 66

Answer Stats

CountryAirline with most routesAnswer% Correct
USAAlaskaSEA
75%
USAUnited, Southwest, FrontierDEN
50%
USASouthwestHOU
50%
USAUnitedIAH
50%
USASouthwestLAS
50%
USADelta, American, United, Southwest, JetblueLAX
50%
USASouthwestOAK
50%
USASouthwestRNO
50%
USAUnitedSFO
50%
USADeltaSLC
50%
USAAlaskaANC
25%
USADeltaATL
25%
USADelta, JetblueBOS
25%
USASouthwestDAL
25%
USASpiritFLL
25%
USAHawaiianHNL
25%
USAUnitedIAD
25%
South KoreaKoreanICN
25%
USADelta, AmericanJFK
25%
USAAmericanMIA
25%
USADeltaMSP
25%
USAAlaskaPDX
25%
USAAmericanPHX
25%
USASouthwestSAN
25%
SingaporeSingapore airlinesSIN
25%
MexicoVolarisSJD
25%
U.S. territoryJetblueSJU
25%
USAAirSmartVGT
25%
UAEEthadABU
0%
EthiopiaEthiopianADD
0%
NetherlandsKLMAMS
0%
Netherlands territoryCarribeanARU
0%
SpainVuelingBCL
0%
USAAllegiantBLI
0%
USASouthwestBUR
0%
South AfricaSouth AfricanCPT
0%
USAAmericanDFW
0%
USADeltaDTW
0%
UAEEmiratesDXB
0%
GermanyLufthansaFRA
0%
MexicoVolarisGDL
0%
MexicoAeroMexcioHER
0%
USAHawaiianHIL
0%
JapanJALHND
0%
TurkeyTurkishIST
0%
Saudi arabiaSaudiaJED
0%
GBRBritish AirwaysLHR
0%
MexicoAero MexicoLOR
0%
USAJetblueMCO
0%
USASouthwestMDW
0%
USAAmericanMES
0%
MexicoAero MexicoMEX
0%
MaldivesTrans-MaldivanMLE
0%
GermanyLufthansaMUN
0%
BahamasJetblueNAS
0%
JapanANANRT
0%
ChinaChina EastearnPEK
0%
BrazilLion airRIO
0%
USASouthwestSMF
0%
France territoryAmericanSXM
0%
MexicoVolarisTJI
0%
USASouthwestTUS
0%
USASouthwestWIC
0%
USAAmericanYUM
0%
CanadaAir CanadaYVR
0%
CanadaAir CandaYYZ
0%

Score Distribution

Percentile by Number Answered

Percent of People with Each Score

Your Score History

You have not taken this quiz